[Event "American op 57th"]
[Site "Orange"]
[Date "2022.11.26"]
[Round "6"]
[White "Beck, Alec"]
[Black "Torre, Eugenio"]
[Result "0-1"]
[WhiteElo "1959"]
[BlackElo "2437"]
[PlyCount "52"]
[EventDate "2022.11.22"]
[EventType "swiss"]
[EventRounds "9"]
[EventCountry "USA"]
[SourceTitle "EXT 2024"]
[Source "ChessBase"]
[SourceDate "2023.10.10"]
[SourceVersion "1"]
[SourceVersionDate "2023.10.10"]
[SourceQuality "1"]

1. d4 Nf6 2. Bg5 d5 3. Bxf6 exf6 4. e3 Be6 5. g3 c6 6. Bg2 f5 7. Ne2 Nd7 8. Nd2 Nf6 9. 0-0 Bd6 10. b3 Ne4 11. c3 h5 12. f3 Nxd2 13. Qxd2 h4 14. Qd3 0-0 15. Kf2 Re8 16. Bh3 f4 17. Bxe6 fxe3+ 18. Kxe3 Rxe6+ 19. Kd2 Qe7 20. Nf4 Bxf4+ 21. gxf4 Re8 22. Rf2 Re1 23. Rf1 Re3 24. Qf5 Re2+ 25. Kc1 Qe3+ 26. Kb1 Qxc3 0-1

[Event "Washington State-chC"]
[Site "Kirkland"]
[Date "2020.02.16"]
[Round "8"]
[White "Kuhner, Mary"]
[Black "Beck, Alec"]
[Result "1/2-1/2"]
[WhiteElo "1702"]
[BlackElo "1751"]
[PlyCount "47"]
[EventDate "2020.02.08"]
[EventType "tourn"]
[EventRounds "9"]
[EventCountry "USA"]
[SourceTitle "EXT 2023"]
[Source "ChessBase"]
[SourceDate "2022.10.05"]
[SourceVersion "1"]
[SourceVersionDate "2022.10.05"]
[SourceQuality "1"]

1. e4 c5 2. Nf3 e6 3. c3 Nc6 4. d4 cxd4 5. cxd4 d5 6. e5 Qb6 7. a3 Nge7 8. b4 Nf5 9. Bb2 h5 10. Be2 Bd7 11. Qd3 Rc8 12. 0-0 g6 13. Nbd2 Bh6 14. Nb3 0-0 15. Bc1 Bxc1 16. Rfxc1 a6 17. Rc3 Nxb4 18. axb4 Qxb4 19. Rxc8 Rxc8 20. Rc1 Rxc1+ 21. Nxc1 Bb5 22. Qd1 Ba4 23. Qd3 Bb5 24. Qd1 1/2-1/2

[Event "Washington State-chC"]
[Site "Kirkland"]
[Date "2020.02.09"]
[Round "3"]
[White "Beck, Alec"]
[Black "Jones, Davey V"]
[Result "1-0"]
[WhiteElo "1751"]
[BlackElo "1618"]
[PlyCount "87"]
[EventDate "2020.02.08"]
[EventType "tourn"]
[EventRounds "9"]
[EventCountry "USA"]
[SourceTitle "EXT 2023"]
[Source "ChessBase"]
[SourceDate "2022.10.05"]
[SourceVersion "1"]
[SourceVersionDate "2022.10.05"]
[SourceQuality "1"]

1. d4 Nf6 2. Bg5 c5 3. Bxf6 gxf6 4. dxc5 Qa5+ 5. Nc3 Qxc5 6. Nf3 d6 7. e4 Bd7 8. Qd4 Qa5 9. Bc4 Nc6 10. Qd5 Qxd5 11. Nxd5 0-0-0 12. 0-0 f5 13. exf5 Bxf5 14. Ne3 Bg6 15. Rfe1 e6 16. c3 Bg7 17. Rad1 Bh5 18. Be2 Bxf3 19. Bxf3 Ne5 20. Be2 d5 21. Ng4 Nd7 22. Bb5 Nc5 23. Ne5 Bxe5 24. Rxe5 f6 25. Rh5 a6 26. Be2 h6 27. c4 Rde8 28. Kf1 Na4 29. cxd5 Nxb2 30. Rc1+ Kb8 31. Rb1 Na4 32. Bxa6 Re7 33. Bc4 exd5 34. Bb3 Nc3 35. Re1 Rd7 36. Rh3 d4 37. Rd3 f5 38. g3 Rc8 39. Kg2 Ne4 40. Red1 Nc3 41. Rxd4 Re7 42. Rd8 Rxd8 43. Rxd8+ Kc7 44. Rh8 1-0

[Event "Washington State-chC"]
[Site "Kirkland"]
[Date "2020.02.08"]
[Round "2"]
[White "Lee, Brian"]
[Black "Beck, Alec"]
[Result "1-0"]
[WhiteElo "1664"]
[BlackElo "1751"]
[PlyCount "53"]
[EventDate "2020.02.08"]
[EventType "tourn"]
[EventRounds "9"]
[EventCountry "USA"]
[SourceTitle "EXT 2023"]
[Source "ChessBase"]
[SourceDate "2022.10.05"]
[SourceVersion "1"]
[SourceVersionDate "2022.10.05"]
[SourceQuality "1"]

1. d4 Nf6 2. c4 g6 3. Nc3 Bg7 4. Bf4 d6 5. e3 0-0 6. Nf3 Nfd7 7. h3 e5 8. Bh2 Nc6 9. Be2 f5 10. 0-0 b6 11. dxe5 Bb7 12. exd6 Nce5 13. dxc7 Qxc7 14. Nd4 Nc5 15. b4 Na6 16. Ncb5 Qe7 17. a3 Rfd8 18. Qb3 Kh8 19. Rac1 Nc6 20. c5 Nxd4 21. Nxd4 Rxd4 22. exd4 Qxe2 23. c6 Bxc6 24. Rxc6 Bxd4 25. Qd5 Bg7 26. Re6 Nc7 27. Bxc7 1-0

[Event "Vancouver Intermat"]
[Site "Vancouver"]
[Date "2016.05.14"]
[Round "2.11"]
[White "Beck, Alec"]
[Black "Doknjas, Neil"]
[Result "1/2-1/2"]
[WhiteElo "1741"]
[BlackElo "1879"]
[PlyCount "59"]
[EventDate "2016.05.14"]
[EventType "swiss"]
[EventRounds "2"]
[EventCountry "CAN"]
[SourceTitle "EXT 2022"]
[Source "ChessBase"]
[SourceDate "2021.10.06"]
[SourceVersion "1"]
[SourceVersionDate "2021.10.06"]
[SourceQuality "1"]

1. d4 d5 2. c4 e6 3. Nf3 Nf6 4. Nc3 Be7 5. Bf4 0-0 6. e3 b6 7. cxd5 Nxd5 8. Nxd5 exd5 9. a3 c5 10. Rc1 Be6 11. Be2 Nd7 12. Ba6 b5 13. Bb7 Rb8 14. Bxb8 Qxb8 15. dxc5 Nxc5 16. Rxc5 Bxc5 17. Bxd5 Rd8 18. e4 Bxd5 19. exd5 Re8+ 20. Kf1 Qf4 21. g3 Qc4+ 22. Kg2 Rd8 23. Re1 f6 24. Qe2 Qxe2 25. Rxe2 Rxd5 26. Rc2 Bb6 27. h4 Rc5 28. Re2 Kf7 29. Kg1 Rc1+ 30. Kg2 1/2-1/2